| 000 | 02000cam a22005174i 4500 | ||
|---|---|---|---|
| 003 | PE-LiUPU | ||
| 005 | 20250731184530.0 | ||
| 008 | 150623s1997 enka rb 000 0 eng d | ||
| 020 | _a9780714111445 | ||
| 020 | _a0714111449 | ||
| 035 | _a(Sirsi) i9780714111445 | ||
| 040 |
_aPE-LiUPU _bspa _cPE-LiUPU _erda |
||
| 049 | _aPRUA | ||
| 082 | 0 | 4 |
_a930.109 35 _bC95 _221 |
| 100 | 1 |
_aCurtis, John, _d1946-, _eautor. |
|
| 245 | 1 | 0 |
_aExcavations at Khirbet khatuniyeh / _cJohn Curtis y Anthony Green y con contribuciones de Paul Croft .. [et al.]. |
| 264 | 1 |
_aLondon : _bThe Trustees of the British Museum, _c1997. |
|
| 300 |
_a120 páginas : _bilustraciones ; _c28 centímetros. |
||
| 336 |
_atext _2rdacontent |
||
| 337 |
_aunmediated _2rdamedia |
||
| 338 |
_avolume _2rdacarrier |
||
| 490 | 0 |
_aSaddam Dam Report ; _v11 |
|
| 504 | _aBibliografía : páginas 117-120. | ||
| 505 | 0 | _aIntroduction -- The excavation of the site -- Small finds -- Catalogue of pottery -- The sherd count -- Discussion of pottery -- Neutron activation and petrographic analysis of pottery -- Animal bones -- Shells -- Some notes on the herpetology. | |
| 526 | _aP136 | ||
| 526 | _aP135 | ||
| 526 | _aP134 | ||
| 526 | _aP133 | ||
| 526 | _aP144 | ||
| 526 | _aP143 | ||
| 526 | _aP87 | ||
| 526 | _aP35 | ||
| 526 | _aP20 | ||
| 526 | _aP14 | ||
| 526 | _aP10 | ||
| 526 | _aP06 | ||
| 650 | 0 | 4 |
_aExcavaciones (Arqueología) _zIrak - Sitio Khatuniyeh. |
| 650 | 0 | 4 | _aKhatuniyeh sitio (Irak). |
| 700 | 1 |
_aGreen, Anthony, _eautor. |
|
| 942 |
_2ddc _cBOOK |
||
| 949 |
_a930.109 35 C95 _wDEWEY _c1 _i45054 _lCCODEBUL1 _mBUL _r0 _sY _tBOOK _u2015-6-24 _xTEOLOGIA _PP35 _0COMPRA _o.STAFF. Colección General |
||
| 994 |
_aC0 _bPEPRU |
||
| 596 | _a1 | ||
| 999 |
_a930.10935 C95 _wDEWEY _c21937 _i45054 _d21937 _e2019-11-24 _f2021-11-11 _g5 _lCCODEBUL1 _mBUL _n4 _p20.00 _r0 _sY _tBOOK _u2015-6-24 _xTEOLOGIA _PP35 _0COMPRA _o.STAFF. Colección Teología |
||
| 980 |
_81 _gALBERTO SANCHEZ Responsable de Automatización |
||